| 000 | 00644nam a22002057a 4500 | ||
|---|---|---|---|
| 005 | 20240612165243.0 | ||
| 010 | _aENG-140589 | ||
| 020 |
_a9789355327208 _c650.00 |
||
| 035 | _aEN-124121 | ||
| 037 | _bDBAD | ||
| 082 |
_a330 _216 |
||
| 100 |
_aRamesh, Singh _967449 |
||
| 245 |
_aIndian Economy/ _cBy Ramesh, Singh |
||
| 250 | _a16 | ||
| 260 |
_aChennai _bMc Graw Hill Education _c2024 |
||
| 270 |
_aAnjana Complex NO. 5/90 A, Butt Road, St. Thomas Mount _bChennai _e600116 |
||
| 300 |
_axxii,498p. _c24cm(pbk) _bindex |
||
| 500 | _aFor Civil Services and Other Competitive Examinations | ||
| 942 |
_2ddc _cEN _h330 _mRAM _e16 |
||
| 999 |
_c203562 _d203562 |
||